Detalles MARC
| 000 -LIDER |
| fixed length control field |
02679nam a2200289 a 4500 |
| 001 - NÚMERO DE CONTROL |
| Identificador de número de control |
000045390 |
| 003 - IDENTIFICACDOR DE NÚMERO DE CONTROL |
| control field |
DO-SdBNP |
| 005 - DATE AND TIME OF LATEST TRANSACTION |
| control field |
20240301124946.0 |
| 007 - CAMPOS FIJOS DE DESCRIPCIÓN FÍSICA |
| fixed length control field |
000045390 |
| 008 - ELEMENTOS DE LONGITUD FIJA |
| fixed length control field |
150305s2014 dr 000 0 spa d |
| 020 ## - ISBN |
| International Standard Book Number |
9789993446286 |
| 040 ## - FUENTE DE CATALOGACIÓN |
| Agencia que crea de manera original el registro |
BPMSU |
| Idioma de catalogación |
spa |
| Agencia que realiza la transcripción |
BPMSU |
| 082 #4 - NÚMERO DE CLASIFICACIÓN DECIMAL DE DEWEY |
| Classification number |
801.93 |
| Item number |
R789p 2014 |
| Edition number |
22 |
| 100 1# - ASIENTO PRINCIPAL -- NOMBRE PERSONAL |
| Nombre personal |
Rosario Candelier, Bruno, |
| Fechas asociadas con el nombre |
1941- |
| 245 10 - MENCIÓN DE TITULO |
| Título |
Por las amenas liras : |
| Subtítulo |
mística literaria y creación teopoética / |
| Mención de responsabilidad |
Bruno Rosario Candelier. |
| 260 ## - PUBLICACIÓN, DISTRIBUCIÓN, ETC. (PIE DE IMPRENTA) |
| Lugar de publicación, distribución, etc |
Santo Domingo : |
| Nombre del editor, distribuidor, etc. |
Ateneo Insular Internacional, |
| Fecha de publicación, distribución, etc |
2014. |
| 300 ## - DESCRIPCIÓN FÍSICA |
| Extensión |
438 p. ; |
| Dimensiones |
23 cm. |
| 490 0# - MENCIÓN DE SERIES |
| Mención de serie |
En la interior bodega, |
| Volume/sequential designation |
7 |
| 500 ## - NOTA GENERAL |
| Nota general |
Incluye referencias bibliográficas y notas al pie de las páginas. |
| 505 0# - NOTA DE CONTENIDO |
| Texto normalizado de contenido |
Mística literaria. Los amanuenses del espíritu y la revelación poética, 7.-- Intuición estética e interiorización metafísica. Creación y espiritualidad en la lirica americana, 61.-- Interiorismo y mística en la poesía del Caribe hispánico, 85.-- Experiencia poética y creación interiorista. El camino de la interioridad y la trascendencia, 119.-- El lenguaje bíblico en la lírica americana, 133.-- Poesía, religiosidad y mística en las letras dominicanas, 175.-- Literatura mística puertorriqueña. La espiritualidad en la lírica teopoética, 199.-- Creación teopoética. Mística de la esperanza en la poética de Karol Wojtyla, 225.-- Vivencia estética y experiencia mística en la lírica de Luce López-Baralt, 243.-- La sed de mística del ciervo herido en Fausto Leonardo Henríquez, 265.-- Mística de la inspiración en la lírica de Teodoro Rubio, 277.-- La presencia de lo divino en Gustavo González Villanueva, 283.-- Conexión cósmica y mística en la poesía de Conny Palacios, 295.-- La irradiación mística en la poesía de Ofelia Berrido, 315.-- El Tao poético en la visión mística de Ramón Antonio Jiménez, 337.-- La lírica de Isabel Ripol Carulla. Vibración amorosa de visión mística, 349.-- Metafísica de la divinidad en la lírica de Oscar de León Silverio, 359.-- La unción mística en la poesía de Gloria Nolasco, 369.-- La voz mística de Jit Manuel Castillo. Puente lírico y simbólico de la hermosura divina, 375.-- La experiencia cardinal en la creación poética de Juan Santos, 383.-- La música sagrada de Karol Wojtyla según Bogdan Piotrowski, 397.-- La sensorialidad mística en la lírica de Tulio Cordero, 411.-- Addendum. Entrevista sobre la mística del interiorismo, 427. |
| 590 ## - NOTA LOCAL |
| Texto de la nota local |
Inventariado, 2024/VM |
| 650 #4 - ENCABEZAMIENTO DE MATERIA--TEMÁTICO |
| Término temático o nombre geográfico como elemento de entrada |
Misticismo y literatura. |
| 650 #4 - ENCABEZAMIENTO DE MATERIA--TEMÁTICO |
| Término temático o nombre geográfico como elemento de entrada |
Estilo literario |
| 650 #4 - ENCABEZAMIENTO DE MATERIA--TEMÁTICO |
| Término temático o nombre geográfico como elemento de entrada |
Literatura |
| Subdivisión temática general |
filosifía |
| Mención de responsabilidad |
|
| 910 ## - VALIDACIÓN |
| Validación |
VMateo V. Control de calidad. BPMSU |
| 942 ## - ADDED ENTRY ELEMENTS (KOHA) |
| Source of classification or shelving scheme |
Dewey Decimal Classification |
| Koha item type |
Libros |